|
|
|
|
| LEADER |
01905cas a2200253 a 4500 |
| 001 |
AALejournalIMF005688 |
| 008 |
230101c9999 xx r poo 0 0eng d |
| 020 |
|
|
|c 5.00 USD
|
| 020 |
|
|
|z 9781451871982
|
| 022 |
|
|
|a 1018-5941
|
| 040 |
|
|
|a BD-DhAAL
|c BD-DhAAL
|
| 100 |
1 |
|
|a Stehn, Sven Jari.
|
| 245 |
1 |
0 |
|a Fiscal and Monetary Policy During Downturns :
|b Evidence From the G7 /
|c Sven Jari Stehn, Daniel Leigh.
|
| 264 |
|
1 |
|a Washington, D.C. :
|b International Monetary Fund,
|c 2009.
|
| 300 |
|
|
|a 1 online resource (23 pages)
|
| 490 |
1 |
|
|a IMF Working Papers
|
| 500 |
|
|
|a <strong>Off-Campus Access:</strong> No User ID or Password Required
|
| 500 |
|
|
|a <strong>On-Campus Access:</strong> No User ID or Password Required
|
| 506 |
|
|
|a Electronic access restricted to authorized BRAC University faculty, staff and students
|
| 520 |
3 |
|
|a This paper analyzes how fiscal and monetary policy typically respond during downturns in G7 countries. It evaluates whether discretionary fiscal responses to downturns are timely and temporary, and compares the response of fiscal policy to that of monetary policy. The results suggest that while responding more weakly and less quickly than monetary policy, discretionary fiscal policy is more timely than conventional wisdom would suggest, particularly in 'Anglo-Saxon' countries, but the response differs substantially across fiscal instruments. Both fiscal and monetary policy are found to be subject to an easing bias, with more easing during downturns than tightening during upturns; and liable to easing in response to erroneously perceived downturns, many of which are subsequently revised to expansions.
|
| 538 |
|
|
|a Mode of access: Internet
|
| 700 |
1 |
|
|a Leigh, Daniel.
|
| 830 |
|
0 |
|a IMF Working Papers; Working Paper ;
|v No. 2009/050
|
| 856 |
4 |
0 |
|z Full text available on IMF
|u http://elibrary.imf.org/view/journals/001/2009/050/001.2009.issue-050-en.xml
|z IMF e-Library
|